UBT Library

Beyond the front lines : (Record no. 47128)

000 -LEADER
fixed length control field 00810cam a2200241 a 4500
001 - CONTROL NUMBER
control field 13417005
005 - DATE AND TIME OF LATEST TRANSACTION
control field 20180814070654.0
008 - FIXED-LENGTH DATA ELEMENTS--GENERAL INFORMATION
fixed length control field 031126s2004 nyu b 001 0 eng
010 ## - LIBRARY OF CONGRESS CONTROL NUMBER
LC control number 2003068929
020 ## - INTERNATIONAL STANDARD BOOK NUMBER
International Standard Book Number 1403965471 (hardcover)
040 ## - CATALOGING SOURCE
Original cataloging agency DLC
Transcribing agency DLC
Modifying agency DLC
041 ## - LANGUAGE CODE
Language code of text/sound track or separate title eng
043 ## - GEOGRAPHIC AREA CODE
Geographic area code n-us---
080 ## - UNIVERSAL DECIMAL CLASSIFICATION NUMBER
Universal Decimal Classification number 070.4 SEI
082 00 - DEWEY DECIMAL CLASSIFICATION NUMBER
Classification number 070.4 SEI
Edition number 22
100 1# - Rafti
Rafti 39
101 ## - Shkurtesa
Shkurtesa MED
245 10 - TITLE STATEMENT
Title Beyond the front lines :
Statement of responsibility, etc by Philip Seib.
504 ## - BIBLIOGRAPHY, ETC. NOTE
Bibliography, etc Includes bibliographical references (p. [175]-178) and index.
906 ## - LOCAL DATA ELEMENT F, LDF (RLIN)
a 7
b cbc
c orignew
d 1
e ocip
f 20
g y-gencatlg
942 ## - ADDED ENTRY ELEMENTS (KOHA)
Source of classification or shelving scheme
Item type Books
Holdings
Withdrawn status Lost status Source of classification or shelving scheme Damaged status Not for loan Collection code Permanent location Current location Shelving location Date acquired Total Checkouts Full call number Barcode Date last seen Price effective from Koha item type
          Koleksioni i përgjithshem UBT - Lipjan UBT - Lipjan Koleksioni i përgjithshem 08/14/2018   070.4 SEI 002-3011187 08/14/2018 08/14/2018 Books
UBT Library © 2015-2024. All rights reserved University Education for Business and Technology